Football : les vainqueurs de la coupe de la ligue - Statistiques

Statistiques générales
  • Ce quiz a été pris 748 fois
  • Le résultat moyen est 21 sur 26
Statistiques - réponses
Année Vainqueur % Correct
1995 PSG
100%
2010 OM
99%
2001 OL
98%
1998 PSG
90%
2008 PSG
90%
2014 PSG
90%
2015 PSG
90%
2016 PSG
90%
2017 PSG
90%
2018 PSG
90%
2020 PSG
90%
2007 Bordeaux
87%
2009 Bordeaux
87%
2002 Bordeaux
85%
1999 Lens
84%
2003 Monaco
82%
2013 ASSE
81%
1997 Strasbourg
78%
2005 Strasbourg
77%
2019 Strasbourg
77%
2011 OM
70%
2012 OM
70%
1996 Metz
63%
2004 Sochaux
57%
2006 Nancy
51%
2000 Gueugnon
35%
Aucun quiz correspondant
Distribution des résultats
% des personnes avec chaque résultat
Percentile par nombre de réponses
Votre historique - résultats
Vous n’avez pas pris ce quiz